Coastal area management and development /

Bibliographic Details
Corporate Author: United Nations. Ocean Economics and Technology Branch
Format: Book
Language:English
Published: Oxford [Oxfordshire] ; New York : Pergamon Press, 1982.
Edition:1st ed.
Subjects:

MARC

Tag First Indicator Second Indicator Subfields
LEADER 00000pam a2200000 a 4500
001 in00000362829
005 20151011062456.0
008 820811s1982 enk b 00000 eng
010 |a  82014991  
020 |a 0080233937 :  |c $40.00 
035 |a (OCoLC)08728346 
035 |9 ABN0496AM 
039 0 |a 2  |b 3  |c 3  |d 3  |e 3 
040 |a DLC  |c DLC  |d TXA  |d UtOrBLW 
049 |a TXAM  |c [1505285] 
050 0 0 |a HT391  |b  C497 1982 
082 0 |a 333.91/715  |2 19 
245 0 0 |a Coastal area management and development /  |c United Nations, Department of International Economic and Social Affairs, Ocean Economics and Technology Branch. 
250 |a 1st ed. 
264 1 |a Oxford [Oxfordshire] ;  |a New York :  |b Pergamon Press,  |c 1982. 
300 |a xii, 188 pages ;  |c 24 cm. 
336 |a text  |b txt  |2 rdacontent 
337 |a unmediated  |b n  |2 rdamedia 
338 |a volume  |b nc  |2 rdacarrier 
504 |a Includes bibliographical references. 
650 0 |a Coastal zone management. 
650 0 |a Economic development. 
651 0 |a Developing countries. 
650 0 |a Coastal zone management  |x Law and legislation. 
710 2 |a United Nations.  |b Ocean Economics and Technology Branch. 
999 |a MARS 
999 f f |s a4caff8f-8ca2-382c-8e50-3a43572dcd38  |i 0eb96676-8624-360a-b604-6d4e8ff26a18  |t 0 
952 f f |p ric  |a Texas A&M University  |b Rellis Campus  |c Joint Library Facility  |d Remote Storage  |t 0  |e HT391 C497 1982  |h Library of Congress classification  |i unmediated -- volume  |m A14807351857 
998 f f |a HT391 C497 1982  |t 0  |l Remote Storage